Devinez la Capitale Mystère #87 - Statistiques

Statistiques générales
  • Ce quiz a été pris 132 fois
  • Le résultat moyen est 29 sur 38
Statistiques - réponses
Type de Réponse Réponse % Correct
Lettre Trouvée A
100%
Lettre Trouvée I
100%
Lettre de l'Alphabet N
100%
Lettre de l'Alphabet S
100%
Lettre Trouvée E
99%
Lettre de l'Alphabet O
99%
Lettre Trouvée R
98%
Lettre Trouvée L
97%
Lettre Trouvée B
95%
Lettre de l'Alphabet P
93%
Lettre de l'Alphabet T
92%
Lettre de l'Alphabet U
91%
Lettre de l'Alphabet M
90%
Lettre de l'Alphabet D
89%
Lettre de l'Alphabet G
86%
Lettre de l'Alphabet H
85%
Lettre Bien Placée B
84%
Lettre de l'Alphabet W
81%
Lettre de l'Alphabet C
78%
Lettre de l'Alphabet K
78%
Lettre Bien Placée A
77%
Lettre Trouvée V
77%
Lettre Bien Placée R
76%
Lettre Bien Placée A
69%
Lettre Bien Placée I
68%
Lettre de l'Alphabet X
68%
Lettre de l'Alphabet Y
66%
Lettre de l'Alphabet J
58%
Lettre Trouvée Z
56%
Lettre Bien Placée L
52%
Lettre de l'Alphabet F
51%
Lettre Bien Placée V
51%
Lettre de l'Alphabet Q
50%
Lettre Bien Placée Z
49%
Capitale Mystère Brazzaville
48%
Lettre Bien Placée E
48%
Lettre Bien Placée L
48%
Lettre Bien Placée Z
48%
Aucun quiz correspondant
Distribution des résultats
% des personnes avec chaque résultat
Percentile par nombre de réponses
Votre historique - résultats
Vous n’avez pas pris ce quiz